What U.S. States Have You Visited? - Statistics

General Stats
  • This quiz has been taken 43 times
  • The average score is 21 of 50
Answer Stats
State Yes/No % Correct
New York (NY) NY
78%
Maryland (MD) MD
72%
Florida (FL) FL
69%
Pennsylvania (PA) PA
67%
Virginia (VA) VA
67%
California (CA) CA
61%
North Carolina (NC) NC
61%
New Jersey (NJ) NJ
61%
Arizona (AZ) AZ
56%
Georgia (GA) GA
56%
Illinois (IL) IL
53%
Nevada (NV) NV
53%
Connecticut (CT) CT
50%
Delaware (DE) DE
50%
Massachusetts (MA) MA
50%
New Hampshire (NH) NH
50%
Tennessee (TN) TN
50%
Indiana (IN) IN
47%
South Carolina (SC) SC
47%
Missouri (MO) MO
44%
Ohio (OH) OH
44%
Vermont (VT) VT
44%
West Virginia (WV) WV
44%
Kentucky (KY) KY
42%
Maine (ME) ME
42%
Washington (WA) WA
42%
Alabama (AL) AL
39%
Colorado (CO) CO
39%
Michigan (MI) MI
39%
Rhode Island (RI) RI
39%
Texas (TX) TX
39%
Minnesota (MN) MN
36%
Oklahoma (OK) OK
36%
Oregon (OR) OR
36%
Arkansas (AR) AR
33%
Hawaii (HI) HI
33%
Iowa (IA) IA
33%
New Mexico (NM) NM
33%
Utah (UT) UT
33%
Wyoming (WY) WY
33%
Kansas (KS) KS
31%
Idaho (ID) ID
28%
Louisiana (LA) LA
28%
Wisconsin (WI) WI
28%
Mississippi (MS) MS
25%
Montana (MT) MT
25%
Nebraska (NE) NE
25%
South Dakota (SD) SD
22%
Alaska (AK) AK
17%
North Dakota (ND) ND
17%
No matching quizzes found
Score Distribution
Percent of People with Each Score
Percentile by Number Answered
Your Score History
You have not taken this quiz